|
|
|
|
| LEADER |
00000nam a2200000Ia 4500 |
| 008 |
180926b2006 sp ||||| |||| 00| | spa d |
| 999 |
|
|
|c 2476
|d 2476
|
| 090 |
|
|
|a CD #214
|
| 100 |
1 |
|
|a Martínez Bonafé, Jaume
|9 4336
|
| 245 |
1 |
0 |
|a Cambiar la escuela con Freinet [documental] /
|c Jaume Martínez Bonafé
|
| 260 |
|
|
|a España :
|b Universitat de Vàlencia,
|c 2006
|
| 300 |
|
|
|a disco compacto
|
| 500 |
|
|
|a Documental con guión y dirección de Jaume Martínez Bonafé del curso "Actualidad de la pedagogía Freinet" realizado del 9 de febrero al 18 de mayo del 2006 en la Facultat de Filosfia i Ciències de l'Educació de la Universitat de Vàlencia
|
| 650 |
1 |
4 |
|a PEDAGOGÍA
|9 1770
|
| 650 |
1 |
4 |
|a CURSOS
|9 4003
|
| 942 |
|
|
|i 002470
|h CD #214
|2 z
|c 08
|